| 000 | 01191cam a2200289 i 4500 | ||
|---|---|---|---|
| 001 | 3209474 | ||
| 005 | 20080331083859.0 | ||
| 008 | 780821s1979 enk b 001 0 eng | ||
| 010 | _a78011996 | ||
| 020 | _a0521223334 | ||
| 020 | _a9780521068512 (paperback) | ||
| 020 | _a9780521223331 (hardback) | ||
| 040 |
_aDLC _cDLC _dDLC |
||
| 050 | 0 | 0 |
_aHB501 _b.R765 |
| 082 | 0 | 0 |
_a335.401 _bROU |
| 100 | 1 |
_aRousseas, Stephen William. _93708 |
|
| 245 | 1 | 0 |
_aCapitalism and Catastrophe : _bA Critical Appraisal of the Limits to Capitalism / _cStephen Rousseas. |
| 260 |
_aCambridge ; _aNew York : _bCambridge University Press, _cc1979. |
||
| 300 |
_axiii, 139 p. ; _c24 cm. |
||
| 504 | _aIncludes bibliographical references (p. 127-128) and index. | ||
| 650 | 0 |
_aCapitalism. _93709 |
|
| 650 | 0 |
_aMarxian economics. _93710 |
|
| 856 | 4 | 2 |
_3Publisher description _uhttp://www.loc.gov/catdir/enhancements/fy0827/78011996-d.html |
| 856 | 4 | 1 |
_3Table of contents only _uhttp://www.loc.gov/catdir/enhancements/fy0827/78011996-t.html |
| 942 |
_2ddc _cBB |
||
| 999 |
_c11304 _d11304 |
||